CRISIS en la didáctica (Record no. 22751)
[ view plain ]
| 000 -CABECERA | |
|---|---|
| campo de control de longitud fija | 00533cam a22002052a 4500 |
| 001 - NÚMERO DE CONTROL | |
| campo de control | 017000 |
| 003 - IDENTIFICADOR DEL NÚMERO DE CONTROL | |
| campo de control | AR-FADEU |
| 008 - DATOS DE LONGITUD FIJA--INFORMACIÓN GENERAL | |
| campo de control de longitud fija | 311216n1975####xxu####################dd |
| 092 ## - ASIGNACIÓN LOCAL DE SIGNATURA TOPOGRÁFICA DEWEY (OCLC) | |
| Número de clasificación | 371.3 |
| Número de documento/Ítem | C932 |
| Característica del encabezamiento | BLYNK |
| 245 ## - MENCIÓN DE TÍTULO | |
| Título | CRISIS en la didáctica |
| 260 ## - PUBLICACIÓN, DISTRIBUCIÓN, ETC. (PIE DE IMPRENTA) | |
| Lugar de publicación, distribución, etc. | Rosario |
| 260 ## - PUBLICACIÓN, DISTRIBUCIÓN, ETC. (PIE DE IMPRENTA) | |
| Nombre del editor, distribuidor, etc. | Axis |
| 260 ## - PUBLICACIÓN, DISTRIBUCIÓN, ETC. (PIE DE IMPRENTA) | |
| Fecha de publicación, distribución, etc. | 1975 |
| 300 ## - DESCRIPCIÓN FÍSICA | |
| Extensión | 2 v |
| 440 ## - MENCIÓN DE SERIE/PUNTO DE ACCESO ADICIONAL--TÍTULO | |
| Título | Aportes de teoría y práctica de la educación |
| Número de parte o sección de la obra | 4 |
| 500 ## - NOTA GENERAL | |
| Nota general | Inv. 810. Primera parte. Inv. 811. Segunda Parte |
| 650 ## - PUNTO DE ACCESO ADICIONAL DE MATERIA--TÉRMINO DE MATERIA | |
| Término de materia o nombre geográfico como elemento inicial | DIDACTICA/BLYNK/ |
| 700 ## - PUNTO DE ACCESO ADICIONAL--NOMBRE DE PERSONA | |
| Nombre de persona | Iván, Illich |
| 942 ## - ELEMENTOS DE PUNTO DE ACCESO ADICIONAL (KOHA) | |
| Tipo de ítem Koha | BLYNK |
| Estado de retiro | Estado de pérdida | Estado dañado | No para préstamo | Código de colección | Localización permanente | Ubicación/localización actual | Ubicación en estantería | Fecha de adquisición | Número de inventario | Total de préstamos | Signatura topográfica completa | Código de barras | Fecha visto por última vez | Precio válido a partir de | Tipo de ítem Koha |
|---|---|---|---|---|---|---|---|---|---|---|---|---|---|---|---|
| Biblioteca Natalio Kisnerman | Biblioteca Ernesto Sabato - FADECS - UNCOMA | Biblioteca Ernesto Sabato - FADECS - UNCOMA | Biblioteca Natalio Kisnerman | 21/02/2017 | 810 | 371.3 C932 | 810 | 21/02/2017 | 21/02/2017 | BLYNK | |||||
| Biblioteca Natalio Kisnerman | Biblioteca Ernesto Sabato - FADECS - UNCOMA | Biblioteca Ernesto Sabato - FADECS - UNCOMA | Biblioteca Natalio Kisnerman | 21/02/2017 | 811 | 371.3 C932 | 811 | 21/02/2017 | 21/02/2017 | BLYNK |